000 00660nam a2200241Ia 4500
003 OSt
005 20220918210439.0
006 a|||||r|||| 00| 0
007 ta
008 220917b |||||||| |||| 00| 0 eng d
024 _a120,542
037 _cTextual
040 _aARTS
_cARTS
_beng
041 _2eng
_aeng
082 _aV7377,410aX, L9
100 _aGreer Edward
_9118258
245 0 _aBig steel
_b Black politics and corporate power in Garg
260 _aNew York
_bMonthly Review Press
_c1979
300 _a287p.
_ccm.
650 _aHISTORY
942 _hV7377,410aX, L9
_cTEXL
_2CC
999 _c243800
_d243800